| 000 | 00523nam a2200217Ia 4500 | ||
|---|---|---|---|
| 003 | OSt | ||
| 005 | 20230603114826.0 | ||
| 008 | 210423s1956 xx 000 0 und d | ||
| 040 | _cAL | ||
| 041 | _aeng | ||
| 082 |
_a340 CALW _223 |
||
| 100 |
_aCALL _9118144 |
||
| 245 | _aWomen and the law of inheritance | ||
| 260 |
_bCommercial Law Publication _c1956 |
||
| 300 | _a10 | ||
| 365 | _cINR | ||
| 650 |
_aLaw _9118145 |
||
| 650 |
_aSocial Sciences _9118146 |
||
| 906 | _ainheritance ; law ; Women | ||
| 942 |
_2ddc _cBK |
||
| 999 |
_c173738 _d173738 |
||